Cults and creeds in Graeco-Roman Egypt : being the Forwood lectures for 1952 /

محفوظ في:

المؤلف الرئيسي: Bell, H. Idris. 1879-1967 (مؤلف)

التنسيق: كتاب

اللغة: English

منشور في: Liverpool : University Press, 1954.

سلاسل: Liverpool monographs in archaeology and Oriental studies.

الموضوعات:

الوسوم: إضافة وسم

لا توجد وسوم, كن أول من يضع وسما على هذه التسجيلة!

رقم الطلب: BL2441 .B4 1954 DLIR

LEADER 00960nam a2200289Ii 4500
001 4447
003 OSt
005 20250915125939.0
008 130303s1954 enk b 001 0 eng d
035 |a ocm06592161 
040 |c ARCE Library 
043 |a f-ua--- 
050 4 |a BL2441 .B4 1954 
099 |a DLIR 
100 1 |a Bell, H. Idris.  |q (Harold Idris),  |d 1879-1967,  |e author 
245 1 0 |a Cults and creeds in Graeco-Roman Egypt :  |b being the Forwood lectures for 1952 /  |c by H. Idris Bell. 
264 1 |a Liverpool :  |b University Press,  |c 1954. 
300 |a x, 117 pages ;  |c 22 cm. 
490 0 |a Liverpool monographs in archaeology and Oriental studies. 
500 |a 2d impression, with addenda (pages 106-107) 
504 |a Includes bibliographical references (pages 108-109) and index. 
650 0 |a Jews  |z Egypt. 
651 0 |a Egypt  |x Religion  |y 332 B.C.-640 A.D. 
651 0 |a Egypt  |x Church history. 
901 |a reviewed 
942 |c BK  |2 lcc 
999 |c 3219  |d 3219